000 04864nam a22004817a 4500
005 20110628104557.0
010 _aENG-102800 B-454644-663
020 _a9788132105626
_c650.00
035 _aEN-86333 B-454644-663
037 _bDBAD/PUB
037 _bBlue Berry/Ven
082 _a371.359095
245 _aPolicy and practice in Asian Distance Education /
_cedited by Tian Belawati [and] Jon Baggaley : forwarded by Gajaraj Dhanarajan
260 _aNew Delhi
_bSage Publications
_c2010
270 _aB1/I-1 Mohan Cooperative Industrial Area Mathura Road,
_bNew Delhi
_e110044
300 _a260p.
_b22cm (Hb)
500 _aIncludes bibliographical references and index
700 _aBelawati,Tian
_928908
700 _aBaggaley,Jon
_928909
942 _2ddc
_cEN
_mPOL
_h371.359095
999 _c53315
_d53315